000 00442nam a2200181Ia 4500
001 5234
005 20260306145853.0
008 260306t2013||||xx |||||||||||||| ||spa||
041 _aESP
082 _a338.285
_bS71
100 _aSotelo Salas, Jorge
_eAUT
245 0 _aConcesiones mineras y ordenamiento territorial
260 _c2013
300 _a291 páginas :
_c21 cm.
650 _aGEN
654 _aCAN
942 _cLIB
_dJUS
_fJUS
_2ddc
_n
999 _c5234
_d5234